Yüklüyor......
Milk and milk products
| Yazar: | |
|---|---|
| Materyal Türü: | Printed Book |
| Dil: | Undetermined |
| Baskı/Yayın Bilgisi: |
MacGraw Hill
1973
New York |
| Edisyon: | 4 |
| Konular: |
| LEADER | 00633nam a2200241Ia 4500 | ||
|---|---|---|---|
| 008 | 141122s9999 xx 000 0 und d | ||
| 040 | |c . | ||
| 041 | |a English | ||
| 082 | |a 637.1 | ||
| 082 | |b ECK/MI | ||
| 100 | |a Clarence Henry Eckles | ||
| 245 | |a Milk and milk products | ||
| 245 | |c Clarence Henry Eckles | ||
| 250 | |a 4 | ||
| 260 | |b MacGraw Hill | ||
| 260 | |b New York | ||
| 260 | |c 1973 | ||
| 300 | |a 238 Pages | ||
| 500 | |a Damaged | ||
| 650 | |a Dairy | ||
| 942 | |c BK | ||
| 999 | |c 10328 |d 10328 | ||
| 952 | |0 0 |1 0 |2 ddc |4 1 |6 637_100000000000000_ECKMI |7 0 |9 10261 |a COVAS |b COVAS |d 0000-00-00 |o 637.1 ECK/MI |p 300 |r 2017-06-30 |w 2014-11-26 |y BK | ||